[Event "Werner-Ott-Open Kreuzberger Sommer 2015"]
[Site "Berlin"]
[Date "2015.07.12"]
[Round "2.1"]
[White "Kunz, Andre"]
[Black "Stern, René"]
[Result "0-1"]
[WhiteElo "2063"]
[BlackElo "2533"]
[PlyCount "64"]
[EventDate "2015.??.??"]
[WhiteTeam "BSV 63 Chemie Weißensee"]
[BlackTeam "SK König Tegel"]

1. e4 e5 2. Nc3 Nf6 3. f4 d5 4. fxe5 Nxe4 5. Nf3 Be7 6. Qe2 Nxc3 7. dxc3 c5 8.
Bf4 Nc6 9. O-O-O Be6 10. Kb1 Qc7 11. h4 h6 12. g3 O-O-O 13. Bh3 Qd7 14. Bg2 Kb8
15. Qf2 Qc7 16. Rhe1 Ka8 17. Be3 Qa5 18. a3 Rd7 19. Bd2 Rhd8 20. Qf1 Qb6 21.
Bc1 d4 22. c4 Na5 23. Nd2 d3 24. Be4 dxc2+ 25. Bxc2 Rd4 26. Re4 Nxc4 27. Nxc4
Bxc4 28. Qe1 Rxd1 29. Bxd1 Bd3+ 30. Bc2 Bxe4 31. Bxe4 c4 32. Be3 Bc5 0-1

[Event "Werner-Ott-Open Kreuzberger Sommer 2015"]
[Site "Berlin"]
[Date "2015.07.12"]
[Round "2.2"]
[White "Meister, Jakob"]
[Black "Bolk, Matthias"]
[Result "0-1"]
[WhiteElo "2460"]
[BlackElo "2062"]
[PlyCount "112"]
[EventDate "2015.??.??"]
[WhiteTeam "SK Zehlendorf"]
[BlackTeam "ohne Verein"]

1. d4 g6 2. Bf4 Bg7 3. Nc3 d6 4. Nf3 a6 5. e4 b5 6. Bd3 Nd7 7. e5 Bb7 8. Ne4 d5
9. Ng3 e6 10. h4 h6 11. a4 b4 12. c3 bxc3 13. bxc3 a5 14. Qe2 Qc8 15. O-O Ba6
16. c4 Ne7 17. Rfc1 Nb6 18. cxd5 Bxd3 19. Qxd3 Nbxd5 20. Bd2 Qa6 21. Qc2 O-O
22. Ne4 Rfc8 23. Nc5 Qa7 24. Nb3 Nb4 25. Qe4 Ned5 26. Rc5 Qb6 27. Rb5 Qc6 28.
Nxa5 Qc2 29. Qxc2 Nxc2 30. Rc1 Na3 31. Rb3 Bf8 32. Ne1 Rcb8 33. Rxb8 Rxb8 34.
Nd3 Nb1 35. Be1 Ba3 36. Rc2 Kf8 37. Nc4 Be7 38. a5 Na3 39. Nxa3 Bxa3 40. Bd2
Rb1+ 41. Kh2 h5 42. Ra2 Rb3 43. Nf4 Nxf4 44. Bxf4 Be7 45. a6 Rb8 46. Kh3 Ke8
47. g4 hxg4+ 48. Kxg4 Kd7 49. Bg5 Bf8 50. h5 gxh5+ 51. Kxh5 c5 52. dxc5 Bxc5
53. Be3 Bxe3 54. fxe3 Rh8+ 55. Kg5 Rg8+ 56. Kf6 Ke8 0-1

[Event "Werner-Ott-Open Kreuzberger Sommer 2015"]
[Site "Berlin"]
[Date "2015.07.12"]
[Round "2.3"]
[White "Müller, Peter"]
[Black "Kalinitschew, Sergey"]
[Result "0-1"]
[WhiteElo "2060"]
[BlackElo "2427"]
[PlyCount "76"]
[EventDate "2015.??.??"]
[WhiteTeam "SV Berolina Mitte"]
[BlackTeam "SC Kreuzberg"]

1. e4 c5 2. Nf3 Nc6 3. d4 cxd4 4. Nxd4 Nf6 5. Nc3 d6 6. Be2 e5 7. Nb3 Be7 8.
Be3 O-O 9. f3 a5 10. a4 Nb4 11. Nb5 d5 12. c3 Nc6 13. Qc2 Be6 14. Nc5 Bc8 15.
Nb3 b6 16. O-O Be6 17. Rfd1 Rc8 18. Nd2 d4 19. Nf1 Nd7 20. Bf2 Bc5 21. Bd3 Qe7
22. Qe2 dxc3 23. bxc3 Bxf2+ 24. Qxf2 Nc5 25. Ne3 Rfd8 26. Bc2 Rxd1+ 27. Rxd1
Rd8 28. Nd5 Bxd5 29. exd5 Nb8 30. f4 e4 31. Qd4 Nbd7 32. Re1 Nf6 33. c4 h5 34.
Nc3 Re8 35. Nd1 Qd6 36. g3 Ne6 37. Qc3 Qc5+ 38. Qe3 Nd4 0-1

[Event "Werner-Ott-Open Kreuzberger Sommer 2015"]
[Site "Berlin"]
[Date "2015.07.12"]
[Round "2.4"]
[White "Muse, Drazen"]
[Black "Kather, Yannick"]
[Result "1-0"]
[WhiteElo "2404"]
[BlackElo "2037"]
[PlyCount "83"]
[EventDate "2015.??.??"]
[WhiteTeam "SK König Tegel"]
[BlackTeam "SC Weisse Dame (Berlin)"]

1. d4 Nf6 2. c4 g6 3. g3 c6 4. d5 d6 5. Nc3 Bg7 6. Bg2 O-O 7. Nf3 cxd5 8. cxd5
Nbd7 9. O-O Nc5 10. Nd4 a5 11. a4 Qb6 12. Ndb5 Bf5 13. Be3 Ng4 14. Bd4 Bxd4 15.
Qxd4 Qd8 16. Ra3 Na6 17. h3 Nf6 18. e4 Bc8 19. f4 Nd7 20. e5 dxe5 21. fxe5 Qb6
22. Qxb6 Nxb6 23. d6 e6 24. Ne4 Nd7 25. Re3 Kg7 26. Nf6 Nac5 27. Nc7 Rb8 28.
Nce8+ Kh8 29. Rf4 Nxf6 30. Nxf6 Nd7 31. Nxd7 Bxd7 32. Rc3 Kg7 33. Rc5 Rfc8 34.
Rc7 Rd8 35. Bxb7 g5 36. Rf2 Kg8 37. b3 Be8 38. g4 Rd7 39. Bc6 Rxc7 40. dxc7 Rc8
41. Bxe8 Rxe8 42. Rd2 1-0

[Event "Werner-Ott-Open Kreuzberger Sommer 2015"]
[Site "Berlin"]
[Date "2015.07.12"]
[Round "2.5"]
[White "Greßmann, Moritz"]
[Black "Von Herman, Ulf"]
[Result "1/2-1/2"]
[WhiteElo "2022"]
[BlackElo "2375"]
[PlyCount "106"]
[EventDate "2015.??.??"]
[WhiteTeam "BSV 63 Chemie Weißensee"]
[BlackTeam "SK König Tegel"]

1. e4 d6 2. d4 Nf6 3. Nc3 g6 4. Nf3 Bg7 5. Be2 O-O 6. O-O Bg4 7. e5 dxe5 8.
Nxe5 Bxe2 9. Nxe2 c5 10. dxc5 Qc7 11. Nd3 Ne4 12. Be3 Nd7 13. c3 Ndxc5 14. Nxc5
Nxc5 15. Qc2 b5 16. Rad1 Na4 17. Rd5 Qc6 18. Rfd1 a6 19. R1d3 Rac8 20. b3 Nb6
21. Rc5 Qb7 22. Qd2 Rce8 23. Bh6 Bxh6 24. Qxh6 Nd7 25. Ng3 f6 26. Nh5 Rf7 27.
Rcd5 Nf8 28. Ng3 Qc7 29. Qd2 Kg7 30. h4 Ne6 31. Rd7 Qf4 32. Qxf4 Nxf4 33. Rd2
Rc8 34. Ne4 h6 35. g3 Ne6 36. Ra7 f5 37. Rxa6 Nf8 38. c4 bxc4 39. Nc3 cxb3 40.
Ne2 bxa2 41. Rdxa2 Rc7 42. Nf4 Rb7 43. h5 g5 44. Ne6+ Nxe6 45. Rxe6 Rf6 46.
Raa6 Kf7 47. Rxf6+ exf6 48. Kg2 Rd7 49. Rb6 g4 50. Rb5 Ke6 51. Rb8 Rd5 52. Rg8
Rd7 53. Rh8 f4 1/2-1/2

[Event "Werner-Ott-Open Kreuzberger Sommer 2015"]
[Site "Berlin"]
[Date "2015.07.12"]
[Round "2.6"]
[White "Brüdigam, Martin"]
[Black "Mielke, Norman"]
[Result "1-0"]
[WhiteElo "2350"]
[BlackElo "2010"]
[PlyCount "61"]
[EventDate "2015.??.??"]
[WhiteTeam "SK König Tegel"]
[BlackTeam "SC Zugzwang 95 (Berlin)"]

1. e4 d6 2. d4 Nf6 3. Nc3 e5 4. dxe5 dxe5 5. Qxd8+ Kxd8 6. Bg5 Be6 7. O-O-O+
Nbd7 8. g3 Kc8 9. f4 exf4 10. gxf4 Bg4 11. Nge2 Bb4 12. Rg1 Bxc3 13. bxc3 h5
14. Bxf6 Nxf6 15. e5 Ne4 16. Rd4 Bxe2 17. Bxe2 Nxc3 18. Bf3 g6 19. Rc4 Nb5 20.
a4 a6 21. axb5 axb5 22. Rb4 c6 23. Kb2 Kc7 24. Rd4 Ra4 25. Rxa4 bxa4 26. Rd1
Ra8 27. Ka3 b5 28. Rd6 Ra6 29. c3 Rb6 30. Rf6 Kb7 31. Rxf7+ 1-0

[Event "Werner-Ott-Open Kreuzberger Sommer 2015"]
[Site "Berlin"]
[Date "2015.07.12"]
[Round "2.7"]
[White "Wörz, Markus"]
[Black "Lerch, Philipp"]
[Result "1/2-1/2"]
[WhiteElo "2009"]
[BlackElo "2324"]
[PlyCount "119"]
[EventDate "2015.??.??"]
[WhiteTeam "SC Kreuzberg"]
[BlackTeam "SC Kreuzberg"]

1. e4 c5 2. Nc3 a6 3. g3 b5 4. Bg2 Bb7 5. Nge2 b4 6. Na4 e6 7. d4 cxd4 8. Nxd4
Nf6 9. Qe2 e5 10. Nb3 Bc6 11. Nac5 d6 12. Nd3 Bb5 13. O-O Be7 14. Be3 O-O 15.
f4 Nbd7 16. Rfd1 d5 17. Qe1 exf4 18. gxf4 dxe4 19. Nxb4 Qc7 20. Nd5 Nxd5 21.
Rxd5 Nf6 22. Rd2 Rfe8 23. h3 Rad8 24. Rad1 Rxd2 25. Rxd2 Bb4 26. c3 Bf8 27. Nd4
Bd3 28. Nf5 Qa5 29. Ng3 Qxa2 30. Bd4 Qe6 31. f5 Qd6 32. Bxf6 Qxf6 33. Rxd3 exd3
34. Qxe8 d2 35. Qd7 Qd6 36. Qxd6 Bxd6 37. Bf3 Bxg3 38. Kf1 Kf8 39. Ke2 Bf4 40.
b4 Ke7 41. Bb7 Kf6 42. Bxa6 Kxf5 43. Bd3+ Ke5 44. Bxh7 g6 45. h4 Kf6 46. h5
gxh5 47. Be4 h4 48. Bg2 Ke5 49. b5 Kd6 50. b6 Be3 51. Bf3 Bg5 52. Bg2 f6 53.
Kd1 Be3 54. Ke2 f5 55. Bf3 f4 56. Kd1 h3 57. b7 Kc7 58. Ke2 h2 59. Kd1 Kb8 60.
Ke2 1/2-1/2

[Event "Werner-Ott-Open Kreuzberger Sommer 2015"]
[Site "Berlin"]
[Date "2015.07.12"]
[Round "2.8"]
[White "Giemsa, Stephan"]
[Black "Solhjou, Mohammed Hassan"]
[Result "1-0"]
[WhiteElo "2322"]
[BlackElo "2004"]
[PlyCount "63"]
[EventDate "2015.??.??"]
[WhiteTeam "SK König Tegel"]
[BlackTeam "SC Kreuzberg"]

1. d4 Nf6 2. c4 e6 3. g3 c5 4. d5 exd5 5. cxd5 b5 6. e4 Bb7 7. Bg2 d6 8. Qe2 b4
9. Nd2 Nbd7 10. Nc4 Qc7 11. Bf4 O-O-O 12. Qc2 Re8 13. Ne2 Ng4 14. Bh3 h5 15. f3
Nge5 16. Bxe5 dxe5 17. d6 Qd8 18. Qa4 Re6 19. Bxe6 fxe6 20. Qxa7 g5 21. Rc1 Rh7
22. Na5 Qb6 23. Rxc5+ Qxc5 24. Qxb7+ Kd8 25. Qa8+ Nb8 26. Qxb8+ Qc8 27. Nc6+
Kd7 28. Nxe5+ Kd8 29. Qb6+ Ke8 30. d7+ Rxd7 31. Qxe6+ Kd8 32. Qxd7+ 1-0

[Event "Werner-Ott-Open Kreuzberger Sommer 2015"]
[Site "Berlin"]
[Date "2015.07.12"]
[Round "2.9"]
[White "Niehaus, Frank"]
[Black "Heerde, Thomas"]
[Result "1/2-1/2"]
[WhiteElo "2214"]
[BlackElo "1984"]
[PlyCount "129"]
[EventDate "2015.??.??"]
[WhiteTeam "SK König Tegel"]
[BlackTeam "SC Weisse Dame (Berlin)"]

1. f4 g6 2. Nf3 Bg7 3. e3 b6 4. Be2 Bb7 5. O-O Nf6 6. d4 O-O 7. c4 d6 8. Nc3
Nbd7 9. Qc2 e5 10. fxe5 dxe5 11. d5 Qe7 12. e4 c6 13. Kh1 h6 14. Be3 Rac8 15.
Rad1 Kh7 16. a3 cxd5 17. cxd5 Ne8 18. d6 Qe6 19. Bb5 Nef6 20. Qa4 a5 21. Nd5
Bxd5 22. Rxd5 Rfd8 23. Rd2 Nc5 24. Bxc5 Rxc5 25. b4 axb4 26. axb4 Rc3 27. Qa1
Nxe4 28. Re2 Rxf3 29. Rxf3 Nxd6 30. Rd3 Qg4 31. Qd1 Nxb5 32. Rxd8 Nc3 33. Qf1
Qxe2 34. Qxe2 Nxe2 35. Rb8 e4 36. Rxb6 Nf4 37. Rb7 e3 38. Rxf7 Nd5 39. Kg1 Nxb4
40. Kf1 Nd5 41. Ke2 Kg8 42. Rd7 Nf4+ 43. Kxe3 Nxg2+ 44. Ke4 Nh4 45. Rd8+ Kh7
46. Rd7 h5 47. Kf4 Kh6 48. Rd6 Nf5 49. Ra6 Bf8 50. Ke5 h4 51. h3 Kh5 52. Ra8
Bg7+ 53. Kf4 Bh6+ 54. Ke5 Ng3 55. Kf6 Ne2 56. Ra5+ g5 57. Kf5 Ng3+ 58. Kf6 Ne4+
59. Kf5 Nf2 60. Ra3 g4 61. hxg4+ Nxg4 62. Ke4 Ne3 63. Kf3 Bg5 64. Rxe3 Bxe3 65.
Kg2 1/2-1/2

[Event "Werner-Ott-Open Kreuzberger Sommer 2015"]
[Site "Berlin"]
[Date "2015.07.12"]
[Round "2.10"]
[White "Kutschke, Jens"]
[Black "Krefenstein, Sergej"]
[Result "1-0"]
[WhiteElo "1994"]
[BlackElo "2182"]
[PlyCount "91"]
[EventDate "2015.??.??"]
[WhiteTeam "SF 1903 Berlin"]
[BlackTeam "TuS Makkabi Berlin"]

1. e4 c5 2. Nf3 d6 3. d4 cxd4 4. Nxd4 Nf6 5. Nc3 g6 6. f3 Bg7 7. Bc4 Nc6 8. Be3
O-O 9. Qd2 Qa5 10. O-O-O Bd7 11. g4 Rfc8 12. Bb3 Ne5 13. Kb1 Nc4 14. Bxc4 Rxc4
15. Nb3 Qc7 16. Nd5 Nxd5 17. exd5 Rc8 18. c3 a5 19. Bd4 a4 20. Bxg7 Kxg7 21. h4
h6 22. h5 g5 23. Nd4 Qc5 24. Ne2 f5 25. Qd3 Rf8 26. b3 axb3 27. axb3 Qa3 28.
Qxc4 Ra8 29. Kc2 Qa2+ 30. Kd3 Qa5 31. Ra1 Qd8 32. Rxa8 Qxa8 33. Nd4 fxg4 34.
fxg4 Bxg4 35. Ne6+ Bxe6 36. dxe6 Qf8 37. Qd4+ Kg8 38. Qe4 Qf6 39. Ra1 b5 40.
Ra8+ Kg7 41. Qd4 d5 42. Re8 Qxd4+ 43. Kxd4 Kf6 44. Kxd5 g4 45. Rg8 Kf5 46. c4
1-0

[Event "Werner-Ott-Open Kreuzberger Sommer 2015"]
[Site "Berlin"]
[Date "2015.07.12"]
[Round "2.11"]
[White "Schmidek, Emil"]
[Black "Bachran, Boris"]
[Result "1-0"]
[WhiteElo "2181"]
[BlackElo "1975"]
[PlyCount "109"]
[EventDate "2015.??.??"]
[WhiteTeam "TuS Makkabi Berlin"]
[BlackTeam "SG Lok Brandenburg"]

1. e4 c5 2. Nf3 d6 3. d4 cxd4 4. Nxd4 g6 5. c4 Bg7 6. Nc3 Nc6 7. Be3 Bd7 8. Be2
Nf6 9. O-O O-O 10. Qd2 Nxd4 11. Bxd4 Bc6 12. f3 b6 13. Rac1 Qd7 14. b3 Rfd8 15.
Nd5 Ne8 16. Bxg7 Nxg7 17. Rfd1 Rac8 18. Qe3 f6 19. h3 Qe6 20. c5 Bxd5 21. Rxd5
Qd7 22. cxd6 Rxc1+ 23. Qxc1 exd6 24. Bb5 Qe7 25. Qd2 Ne6 26. Bc4 Kg7 27. b4 g5
28. Rf5 Nf4 29. Qb2 h6 30. h4 Kg6 31. Qc2 Kg7 32. Qc3 Rc8 33. Kh2 Ne6 34. Qd3
Nf8 35. Qd4 Kg6 36. Bb3 Ne6 37. Qd5 Nf4 38. Rxf4 gxf4 39. Qf5+ Kg7 40. Qxc8 f5
41. Qg8+ Kf6 42. exf5 Kxf5 43. Qd5+ Kf6 44. Qd4+ Qe5 45. Qxe5+ Kxe5 46. g3
fxg3+ 47. Kxg3 d5 48. f4+ Ke4 49. Kg4 d4 50. f5 Ke5 51. Kh5 Kxf5 52. Kxh6 d3
53. h5 a5 54. bxa5 bxa5 55. Kg7 1-0

[Event "Werner-Ott-Open Kreuzberger Sommer 2015"]
[Site "Berlin"]
[Date "2015.07.12"]
[Round "2.12"]
[White "Wierzbicki, Jirawat"]
[Black "Dimitrijeski, Kristian"]
[Result "0-1"]
[WhiteElo "1972"]
[BlackElo "2179"]
[PlyCount "77"]
[EventDate "2015.??.??"]
[WhiteTeam "SK König Tegel"]
[BlackTeam "SK König Tegel"]

1. e4 c6 2. d4 d5 3. exd5 cxd5 4. Bd3 Nc6 5. c3 Nf6 6. Bf4 Bg4 7. Qb3 Qd7 8.
Nd2 e6 9. Ngf3 Bxf3 10. Nxf3 Bd6 11. Bxd6 Qxd6 12. O-O O-O 13. Rae1 Nd7 14. Bb1
Rac8 15. Qc2 Nf6 16. Qe2 Qf4 17. Ne5 Nxe5 18. dxe5 Nd7 19. g3 Qc4 20. Bd3 Qc5
21. Kg2 g6 22. Qg4 Qe7 23. h4 h5 24. Qf4 Kg7 25. Rh1 Nc5 26. Bb1 Nd7 27. Bd3
Nc5 28. Bb1 b5 29. g4 Rh8 30. b3 a5 31. Re3 a4 32. Bc2 axb3 33. axb3 Nd7 34.
Bd1 hxg4 35. Bxg4 Nc5 36. Bd1 Ne4 37. Rhh3 Rc7 38. Bc2 b4 39. cxb4 0-1

[Event "Werner-Ott-Open Kreuzberger Sommer 2015"]
[Site "Berlin"]
[Date "2015.07.12"]
[Round "2.13"]
[White "Von Wantoch-Rekowski, Danijela"]
[Black "Kievelitz, Bernd"]
[Result "1-0"]
[WhiteElo "2166"]
[BlackElo "1953"]
[PlyCount "67"]
[EventDate "2015.??.??"]
[WhiteTeam "SF Berlin"]
[BlackTeam "SC Zitadelle Spandau"]

1. e4 c5 2. Nf3 e6 3. d4 cxd4 4. Nxd4 a6 5. Bd3 Nf6 6. O-O Qc7 7. Qe2 d6 8. c4
Nbd7 9. Nc3 Be7 10. Be3 b6 11. f4 Bb7 12. Rac1 Nc5 13. Bd2 Nxd3 14. Qxd3 O-O
15. Kh1 Rac8 16. b3 Qb8 17. f5 e5 18. Nde2 b5 19. Nd5 Bxd5 20. exd5 bxc4 21.
bxc4 Nd7 22. Be3 Nc5 23. Bxc5 Rxc5 24. Ng3 Rd8 25. Ne4 Rcc8 26. f6 Bxf6 27.
Nxf6+ gxf6 28. Rxf6 Qb2 29. Rcf1 Rc7 30. Qf5 Rdd7 31. Rb1 Qd2 32. Qg4+ Kf8 33.
Rb8+ Ke7 34. Re6+ 1-0

[Event "Werner-Ott-Open Kreuzberger Sommer 2015"]
[Site "Berlin"]
[Date "2015.07.12"]
[Round "2.14"]
[White "Schmidt, Jürgen"]
[Black "Böttcher, Patrick"]
[Result "1/2-1/2"]
[WhiteElo "1952"]
[BlackElo "2161"]
[PlyCount "98"]
[EventDate "2015.??.??"]
[WhiteTeam "SC Kreuzberg"]
[BlackTeam "SC Zitadelle Spandau"]

1. e4 c5 2. Nf3 Nc6 3. d4 cxd4 4. Nxd4 Nf6 5. Nc3 e5 6. Ndb5 d6 7. Bg5 a6 8.
Bxf6 gxf6 9. Na3 f5 10. Qh5 b5 11. Naxb5 axb5 12. Bxb5 Bd7 13. Bc4 d5 14. Bxd5
Qf6 15. Rd1 Bb4 16. Bxf7+ Qxf7 17. Qxf7+ Kxf7 18. Rxd7+ Ke6 19. Rc7 Kd6 20. Rf7
Rxa2 21. O-O Bxc3 22. bxc3 fxe4 23. h3 Rxc2 24. Rf6+ Kc5 25. Re1 Rxc3 26. Rxe4
Kd5 27. Rh4 Nd4 28. Rh5 Rc7 29. f4 Re8 30. fxe5 Rxe5 31. Rhh6 Re1+ 32. Kh2 Re2
33. Rh5+ Ke4 34. Rh4+ Kd3 35. Rg4 Rd7 36. Rg3+ Kd2 37. Rf1 Nc2 38. Rgf3 Rg7 39.
R1f2 Ne3 40. g4 Ra7 41. Kg3 Ra1 42. Rxe2+ Kxe2 43. Rf2+ Kd3 44. Rf7 Rg1+ 45.
Kh4 h6 46. Rf6 Ng2+ 47. Kg3 Ne3+ 48. Kh4 Ng2+ 49. Kg3 Ne3+ 1/2-1/2

[Event "Werner-Ott-Open Kreuzberger Sommer 2015"]
[Site "Berlin"]
[Date "2015.07.12"]
[Round "2.15"]
[White "Matitschka, Heinz"]
[Black "Federau, Jürgen"]
[Result "0-1"]
[WhiteElo "1939"]
[BlackElo "2147"]
[PlyCount "160"]
[EventDate "2015.??.??"]
[WhiteTeam "TSG Oberschöneweide"]
[BlackTeam "SC Kreuzberg"]

1. d4 f5 2. c4 Nf6 3. Nc3 e6 4. Bf4 Bb4 5. e3 Bxc3+ 6. bxc3 O-O 7. Bd3 d6 8.
Ne2 Qe7 9. O-O e5 10. Bg5 h6 11. Bxf6 Qxf6 12. f3 c5 13. Rb1 Nc6 14. Bc2 Ne7
15. Qd2 Rb8 16. e4 f4 17. Rfd1 Be6 18. Bb3 Nc8 19. Qe1 Qe7 20. Qf2 Nb6 21. dxc5
dxc5 22. Rd5 Bxd5 23. cxd5 c4 24. Bd1 Rfc8 25. Rb4 Qc5 26. g3 g5 27. a4 Qxf2+
28. Kxf2 Rc5 29. Nc1 Nc8 30. h4 Nd6 31. Be2 Kf7 32. Bf1 Ke7 33. Bh3 Kd8 34. Ne2
Ke7 35. Be6 Rf8 36. gxf4 gxf4 37. Rb1 Rc7 38. Rg1 Kf6 39. Re1 Ke7 40. Rg1 Kf6
41. Re1 Ne8 42. Rd1 Rc5 43. Rg1 Ke7 44. Bh3 Ra5 45. Rb1 b6 46. Rb4 Nd6 47. Be6
Rf6 48. Bh3 Rc5 49. Rb1 Kf8 50. Rg1 Rc7 51. Rb1 Rg7 52. Re1 Rfg6 53. Nxf4 exf4
54. e5 Ke7 55. exd6+ Kxd6 56. Rd1 Rg3 57. Bf1 Kc5 58. Rd4 R3g6 59. Rxc4+ Kxd5
60. Rxf4 Re7 61. Bd3 Rd6 62. Rd4+ Kc6 63. Be4+ Kc7 64. Rc4+ Kd8 65. Ke3 Rc7 66.
Rxc7 Kxc7 67. c4 Rf6 68. Bd5 Kd6 69. f4 Kc5 70. Ke4 Kd6 71. f5 Rf8 72. Kf4 a5
73. Ke4 Re8+ 74. Kf4 Re1 75. Kg4 Ke5 76. Be6 Kf6 77. Kf4 Rh1 78. Kg4 Rd1 79.
Kf4 Rd4+ 80. Kg3 h5 0-1

[Event "Werner-Ott-Open Kreuzberger Sommer 2015"]
[Site "Berlin"]
[Date "2015.07.12"]
[Round "2.16"]
[White "Schnoor, Ekkehard"]
[Black "Weigelt, Thomas"]
[Result "1-0"]
[WhiteElo "2141"]
[BlackElo "1924"]
[PlyCount "53"]
[EventDate "2015.??.??"]
[WhiteTeam "SC Kreuzberg"]
[BlackTeam "SV Berolina Mitte"]

1. e4 d5 2. exd5 Qxd5 3. Nc3 Qd6 4. d4 Nf6 5. Nf3 a6 6. g3 Bg4 7. Bg2 Nc6 8. d5
Nb4 9. h3 Bxf3 10. Bxf3 Qe5+ 11. Kf1 Qf5 12. Bf4 O-O-O 13. a3 Nxc2 14. Bg4 Nxg4
15. hxg4 Qg6 16. Rc1 e5 17. Bxe5 Nxa3 18. bxa3 Bxa3 19. Rb1 a5 20. Kg2 Rhe8 21.
Bf4 Bb4 22. Nb5 Qe4+ 23. f3 Qxd5 24. Qxd5 Rxd5 25. Nxc7 Re2+ 26. Kf1 Red2 27.
Nxd5 1-0

[Event "Werner-Ott-Open Kreuzberger Sommer 2015"]
[Site "Berlin"]
[Date "2015.07.12"]
[Round "2.17"]
[White "Thesing, Ansgar"]
[Black "Kopisch, Martin"]
[Result "1/2-1/2"]
[WhiteElo "1919"]
[BlackElo "2139"]
[Annotator "Kreuzberg,Schachclub"]
[PlyCount "206"]
[EventDate "2015.??.??"]
[WhiteTeam "SC Kreuzberg"]
[BlackTeam "Bille SC"]

1. e4 {[%emt 0:00:00]} c5 {[%emt 0:00:00]} 2. Nc3 a6 3. f4 Nc6 4. Nf3 b5 5. g3
Bb7 6. Bg2 e6 7. O-O d6 8. Qe2 Be7 9. d3 Nf6 10. e5 dxe5 11. Nxe5 Nd4 12. Qf2
Bxg2 13. Qxg2 O-O 14. Be3 Qc7 15. Rac1 Rac8 16. h3 Rfd8 17. Nf3 Nxf3+ 18. Qxf3
Nd5 19. Nxd5 Rxd5 20. Qf2 h6 21. Qe2 Rcd8 22. Qg4 Bf6 23. b3 h5 24. Qf3 g6 25.
g4 hxg4 26. hxg4 c4 27. dxc4 bxc4 28. Rfd1 Bd4 29. Bxd4 Rxd4 30. Rxd4 Rxd4 31.
Rf1 Qd6 32. Kg2 a5 33. Rh1 Rd2+ 34. Kg3 Qd5 35. Rc1 Qxf3+ 36. Kxf3 c3 37. a3
Kf8 38. b4 a4 39. b5 Ke7 40. g5 Kd7 41. Ke4 Kc7 42. Ke5 Rd5+ 43. Kf6 Rf5+ 44.
Ke7 Rxf4 45. Rd1 Kb6 46. Rd3 Kxb5 47. Rxc3 Rf5 48. Rc8 Kb6 49. c4 Rxg5 50. Kxf7
Rc5 51. Re8 Rxc4 52. Rxe6+ Kc5 53. Rxg6 Rc3 54. Ke6 Rxa3 55. Rg5+ Kc4 56. Rg4+
Kc3 57. Ke5 Ra1 58. Rg3+ Kb4 59. Rg4+ Kb5 60. Kd4 Rc1 61. Rg8 Kb4 62. Rb8+ Ka3
63. Ra8 Kb3 64. Rb8+ Ka2 65. Kd3 a3 66. Kd2 Rc4 67. Kd3 Rc5 68. Kd2 Ka1 69. Ra8
Kb2 70. Rb8+ Ka2 71. Ra8 Kb3 72. Rb8+ Ka4 73. Ra8+ Kb4 74. Rb8+ Ka4 75. Ra8+
Kb3 76. Rb8+ Ka2 77. Ra8 Rb5 78. Kc2 Rb2+ 79. Kc1 Rh2 80. Ra7 Rh5 81. Ra8 Rh4
82. Ra7 Rc4+ 83. Kd2 Rg4 84. Kc1 Rg1+ 85. Kc2 Rg2+ 86. Kc1 Rb2 87. Ra8 Rb4 88.
Ra7 Rc4+ 89. Kd2 Rf4 90. Kc2 Rf2+ 91. Kc1 Kb3 92. Rb7+ Ka2 93. Ra7 Rf3 94. Ra8
Ka1 95. Kc2 Rf2+ 96. Kc1 a2 97. Rb8 Rf1+ 98. Kc2 Rb1 99. Rh8 Rb2+ 100. Kc1 Rb6
101. Kc2 Rc6+ 102. Kb3 Rc1 103. Rh2 Rg1 1/2-1/2

[Event "Werner-Ott-Open Kreuzberger Sommer 2015"]
[Site "Berlin"]
[Date "2015.07.12"]
[Round "2.18"]
[White "Hohn, August"]
[Black "Hovsepyan, Vardan"]
[Result "0-1"]
[WhiteElo "1908"]
[BlackElo "2115"]
[PlyCount "30"]
[EventDate "2015.??.??"]
[WhiteTeam "SC Zugzwang 95 (Berlin)"]
[BlackTeam "FVS ASP Hoyerswerda"]

1. c4 f5 2. Nf3 Nf6 3. g3 b6 4. Bg2 Bb7 5. Qc2 g6 6. O-O Bg7 7. Nc3 d6 8. Nd4
Bxg2 9. Ne6 Qd7 10. Nxg7+ Kf7 11. Kxg2 Kxg7 12. d3 Nc6 13. Nd5 Nd4 14. Qc3 Nxe2
15. Nxf6 Qc6+ 0-1

[Event "Werner-Ott-Open Kreuzberger Sommer 2015"]
[Site "Berlin"]
[Date "2015.07.12"]
[Round "2.19"]
[White "Shapiro, Yosip"]
[Black "Wimmer, Thomas"]
[Result "1-0"]
[WhiteElo "2114"]
[BlackElo "1917"]
[PlyCount "56"]
[EventDate "2015.??.??"]
[WhiteTeam "SV Berolina Mitte"]
[BlackTeam "SK Marburg"]

1. e4 c5 2. Nf3 d6 3. d4 cxd4 4. Nxd4 Nf6 5. Nc3 a6 6. Be3 Ng4 7. Bg5 h6 8. Bh4
g5 9. Bg3 Bg7 10. Qd2 Nc6 11. Nb3 h5 12. f3 h4 13. fxg4 hxg3 14. h3 Bxg4 15.
Qxg5 Rg8 16. Qe3 Bh5 17. Be2 Bxe2 18. Qxe2 Rc8 19. O-O Nd4 20. Qh5 Bf6 21. Rxf6
exf6 22. Nxd4 Qb6 23. Rd1 Qxb2 24. Nd5 Rg6 25. Qf5 Rc5 26. Nxf6+ Rxf6 27. Qxf6
Rxc2 28. Qf3 Qxa2 1-0

[Event "Werner-Ott-Open Kreuzberger Sommer 2015"]
[Site "Berlin"]
[Date "2015.07.12"]
[Round "2.20"]
[White "Kühn, Timo"]
[Black "Albrecht, Rainer"]
[Result "1/2-1/2"]
[WhiteElo "1900"]
[BlackElo "2100"]
[PlyCount "56"]
[EventDate "2015.??.??"]
[WhiteTeam "SV Unterkochen"]
[BlackTeam "SC Kreuzberg"]

1. c4 f5 2. g3 Nf6 3. Bg2 e6 4. Nc3 Be7 5. e3 O-O 6. Nge2 d6 7. O-O c6 8. d4 e5
9. b4 Qc7 10. Qb3 Be6 11. d5 cxd5 12. cxd5 Bf7 13. Bd2 Na6 14. a3 Qd7 15. Rfd1
g5 16. f4 gxf4 17. exf4 e4 18. Nd4 Nc7 19. Bf1 Nfxd5 20. Nxd5 Nxd5 21. Bc4 Bf6
22. Be3 Nb6 23. Bxf7+ Qxf7 24. Qxf7+ Rxf7 25. Nxf5 Bxa1 26. Nh6+ Kg7 27. Nxf7
Kxf7 28. Rxa1 Rc8 1/2-1/2